Best QB's of All-Time - Statistics

General Stats
  • This quiz has been taken 299 times
  • The average score is 12 of 15
Answer Stats
Team Answer % Correct
Patriots Tom Brady
99%
Colts/Broncos Peyton Manning
98%
49ers Joe Montana
97%
Dolphins Dan Marino
96%
Broncos John Elway
91%
Packers/Vikings Brett Favre
80%
Rams/Cardinals Kurt Warner
77%
Steelers Terry Bradshaw
77%
Steelers Ben Roethlisberger
72%
Bills Jim Kelly
72%
Oilers Warren Moon
72%
Colts Johnny Unitas
71%
Cowboys Roger Staubach
62%
Browns Otto Graham
54%
Vikings Fran Tarkenton
53%
No matching quizzes found
Score Distribution
Percent of People with Each Score
Percentile by Number Answered
Your Score History
You have not taken this quiz